Apel Kofiho Annana Jordánsko: Dvojdňový summit LAŠ v Ammáne

Bibliographic Details
Main Author: Ta (Author)
Format: Article
Language:Slovak
ISSN:1335-4051
Subjects:

MARC

LEADER 00000nab a2200000 a 4500
001 vtls000757550
003 SK-MaSNL
005 20260302192002.0
008 180206c2001 xo 0 slo
015 |a SNBRB2001/05-15890 
035 |a CLN000109337 
040 |a SNKBUCL  |b slo  |c SNKBUCL  |e AACR2 
041 0 |a slo 
044 |a xo  |c SK 
080 |a 327.51(5/6=927):061.23  |2 UDC-MRF-SK2 
080 |a 061.23(5/6)  |2 UDC-MRF-SK2 
100 0 |a Ta  |4 aut  |9 838474 
245 1 0 |a Apel Kofiho Annana  |b Jordánsko: Dvojdňový summit LAŠ v Ammáne  |c [autor] ta 
610 7 |a Liga arabských štátov  |x summit  |y 27.-28.3.2001  |2 snkbucl  |9 908458 
655 7 |a články z novín a časopisov  |2 snkbucl  |9 267496 
773 0 |x 1335-4051  |t Pravda  |g Roč. 11, č. 73 (28.3.2001), s. 11 
850 |a Slovenská národná knižnica v Martine 
852 |a SNK  |b KIS3GCP 
958 |a RBX 
999 |c 1439021  |d 1440951